书目信息

书名: 神奇解梦师 
作者:
出版信息: 北京   新星出版社  2011.08
开本页数: 23cm  214页
丛书名:
单 册:
中图分类: I2407
科图分类:
主题词: 长篇小说--Chang zhang Pian Xiao Shuo--中国--当代
电子资源:
ISBN: 978-7-5133-0352-1
000 00966nam0 2200253 450
001 010700110723
005 20120710103018
010    @a978-7-5133-0352-1@dCNY22.00
100    @a20110824d2011 em y0chiy50 ea
101 @achi
102    @aCN@b110000
105    @ay z 000ay
106    @ar
200 @a神奇解梦师@AShen Qi Jie Meng Shi@f镭著
210    @a北京@c新星出版社@d2011.08
215    @a214页@d23cm
314    @a镭,本名王强,钻研解梦术和测字术近10年,通读相关书籍,查阅古今中外上千解梦和测字案例,尤其擅长通过中国传统文化解读人心、人性。
330    @a我叫王颂平,因为是个读书人,所以大家都叫我“王生”。我的职业很神秘也很有趣,以替人解梦测字为生。在我们这个时代,时常发生混乱,大到全国,小到地方,更小的便是街头巷尾……
333    @a本书适合广大小说爱好者阅读。
606 @a长篇小说@AChang zhang Pian Xiao Shuo@y中国@z当代
690    @aI2407@v4
701  0 @a镭@ALei@4著
801  0 @aCN@bCDNYKJZYXY@c20120514
905    @aCDNYKJZYXY@dI2407@e351@f5
    
    神奇解梦师/镭著.-北京:新星出版社,2011.08
    214页;23cm
    使用对象:本书适合广大小说爱好者阅读。
    
    ISBN 978-7-5133-0352-1:CNY22.00
    我叫王颂平,因为是个读书人,所以大家都叫我“王生”。我的职业很神秘也很有趣,以替人解梦测字为生。在我们这个时代,时常发生混乱,大到全国,小到地方,更小的便是街头巷尾……
相关链接 在五车中查询图书 在当当中查询图书 在豆瓣中查询图书


正题名:神奇解梦师     索取号:I2407/351         预约/预借

序号 登录号 条形码 馆藏地/架位号 状态 备注
1 440400   300440400   海科密-1楼/33架14列3层/ [索取号:I2407/351] 在馆    
2 440401   300440401   柳城-3楼/24架9列4层/ [索取号:I2407/351] 在馆    
3 440402   300440402   柳城-3楼/24架9列4层/ [索取号:I2407/351] 在馆    
4 440403   300440403   海科密-1楼/36架4列7层/ [索取号:I2407/351] 在馆    
5 440404   300440404   柳城-3楼/24架9列4层/ [索取号:I2407/351] 在馆